Public sector restructuring and regional development: the impact of compulsory competitive tendering in the UK (Record no. 63746)

MARC details
000 -LEADER
fixed length control field 00920cam a2200241 4500
001 - CONTROL NUMBER
control field ABS62519
008 - FIXED-LENGTH DATA ELEMENTS--GENERAL INFORMATION
fixed length control field 000000n2000 000 0 eng u
035 ## - SYSTEM CONTROL NUMBER
System control number (Sirsi) u106429
100 ## - MAIN ENTRY--PERSONAL NAME
Personal name Patterson, A.
100 ## - MAIN ENTRY--PERSONAL NAME
Personal name Pinch, P.
245 ## - TITLE STATEMENT
Title Public sector restructuring and regional development: the impact of compulsory competitive tendering in the UK
260 ## - PUBLICATION, DISTRIBUTION, ETC.
Date of publication, distribution, etc. 2000
490 ## - SERIES STATEMENT
Series statement Regional Studies
Volume/sequential designation 34(3) May 2000, 265-275(11)
520 ## - SUMMARY, ETC.
Summary, etc. Attempts to analyse public sector restructuring in Britain through an evaluation of the impact of CCT for the provision of local public services. Suggests that CCT has undermined the stabilising role of public services within regional economic development.
590 ## - LOCAL NOTE (RLIN)
Local note ABS
650 ## - SUBJECT ADDED ENTRY--TOPICAL TERM
Topical term or geographic name entry element CCT
650 ## - SUBJECT ADDED ENTRY--TOPICAL TERM
Topical term or geographic name entry element PUBLIC SERVICES
650 ## - SUBJECT ADDED ENTRY--TOPICAL TERM
Topical term or geographic name entry element BEST VALUE
650 ## - SUBJECT ADDED ENTRY--TOPICAL TERM
Topical term or geographic name entry element LOCAL GOVERNMENT
650 ## - SUBJECT ADDED ENTRY--TOPICAL TERM
Topical term or geographic name entry element REGIONAL DEVELOPMENT
690 ## - LOCAL SUBJECT ADDED ENTRY--TOPICAL TERM (OCLC, RLIN)
Topical term or geographic name as entry element LOCAL GOVERNMENT
942 ## - ADDED ENTRY ELEMENTS (KOHA)
Suppress in OPAC 0
Holdings
Withdrawn status Lost status Source of classification or shelving scheme Damaged status Not for loan Home library Current library Shelving location Date acquired Total Checkouts Full call number Barcode Date last seen Copy number Price effective from Koha item type
    Dewey Decimal Classification     London London Journal article 13/06/2000   ABS62519 106429-1001 06/08/2019 1 06/08/2019 Journal article